| 000 | 00897nam a2200229Ia 4500 | ||
|---|---|---|---|
| 001 | 8585 | ||
| 003 | GE_BSU | ||
| 008 | 181216s||||||||xx |||||||||||||| ||und|| | ||
| 040 | _cGE_BSU | ||
| 080 | _a821.353.1-4 | ||
| 100 | _aთევზაძე, გივი | ||
| 245 | _aსიცოცხლის კვალი | ||
| 245 | _bნარკვევები ჩვენს თანამედროვეობაზე. | ||
| 245 | _cრედ.:რ. მეგრელიშვილი; მხატვ.: ვ.გიორგობიანი | ||
| 260 | _aთბილისი. | ||
| 260 | _bსაბჭ. საქართველო | ||
| 260 | _c1971 | ||
| 300 | _a202გვ. 20 სმ. | ||
| 653 | _aნარკვევები ჩვენს თანამედროვეობაზე. | ||
| 653 | _aსიცოცხლის კვალი | ||
| 942 | _cBK | ||
| 999 |
_c41901 _d41901 |
||